[Event "ECU-ch"]
[Site "Banos de Agua Santa"]
[Date "2020.03.12"]
[Round "5"]
[White "Pazos Gambarrotti, Plinio Efrain"]
[Black "Bedon Tapia, Kevin Andres"]
[Result "1-0"]
[WhiteElo "2134"]
[BlackElo "1834"]
[PlyCount "95"]
[EventDate "2020.03.10"]
[EventType "swiss"]
[EventRounds "9"]
[EventCountry "ECU"]
[SourceTitle "CBM 195 Extra"]
[Source "ChessBase"]
[SourceDate "2020.05.31"]
[SourceVersion "1"]
[SourceVersionDate "2020.05.31"]
[SourceQuality "1"]

1. d4 Nf6 2. c4 e6 3. Nc3 d6 4. e4 Nbd7 5. Nf3 c5 6. Be2 Qc7 7. 0-0 a6 8. Re1 b6 9. Bf1 cxd4 10. Nxd4 Bb7 11. Bg5 Be7 12. Rc1 0-0 13. f3 Rfe8 14. Qd2 Rac8 15. Be3 Qb8 16. Kh1 Bf8 17. Qf2 Ba8 18. a3 g6 19. b4 Ne5 20. Na4 Nfd7 21. h3 Bg7 22. f4 Nc6 23. Nxc6 Rxc6 24. Bd4 e5 25. fxe5 dxe5 26. Bb2 Rf6 27. Qe3 Rf4 28. Qd3 Nf6 29. Nc3 Rd8 30. Nd5 Nxd5 31. cxd5 f5 32. Qb3 Qd6 33. Red1 Kh8 34. exf5 b5 35. Rc5 gxf5 36. Be2 Bb7 37. Rdc1 Bf6 38. Bf3 Rd7 39. Qe3 Rg7 40. Rc6 Bxc6 41. Rxc6 Qe7 42. Rxf6 Qxf6 43. Qxf4 Re7 44. d6 Qxd6 45. Qxf5 Re8 46. Be4 Qe7 47. Bxe5+ Kg8 48. Bd5+ 1-0